Catálogo de incunables e impresos del siglo XVI de la Biblioteca de la Universidad de Oñati (Record no. 14196)

MARC details
000 -LEADER
campo de control de longitud fija 01087nam a22002535i 4500
001 - NÚMERO DE CONTROL
campo de control 14196
003 - IDENTIFICADOR DE NÚMERO DE CONTROL
campo de control ES-MaACL
005 - FECHA Y HORA DE LA ÚLTIMA TRANSACCIÓN
campo de control 20230906150737.0
007 - CAMPO FIJO DE DESCRIPCIÓN FÍSICA--INFORMACIÓN GENERAL
campo de control de longitud fija t|
008 - DATOS DE LONGITUD FIJA--INFORMACIÓN GENERAL
campo de control de longitud fija 921112s1991 sp a c |||| | spa j
020 ## - NÚMERO INTERNACIONAL ESTÁNDAR DEL LIBRO
Número Internacional Estándar del Libro 84-7907-048-X
080 ## - NÚMERO DE LA CLASIFICACIÓN DECIMAL UNIVERSAL
Número de la Clasificación Decimal Universal 017.1(460.154 Oñate)
080 ## - NÚMERO DE LA CLASIFICACIÓN DECIMAL UNIVERSAL
Número de la Clasificación Decimal Universal 016:093
080 ## - NÚMERO DE LA CLASIFICACIÓN DECIMAL UNIVERSAL
Número de la Clasificación Decimal Universal 016:094"15"
110 2# - ENTRADA PRINCIPAL--NOMBRE DE ENTIDAD CORPORATIVA
Nombre de entidad corporativa o nombre de jurisdicción como elemento de entrada Universidad de Oñate.
Unidad subordinada Biblioteca.
9 (RLIN) 169743
245 10 - MENCIÓN DEL TÍTULO
Título Catálogo de incunables e impresos del siglo XVI de la Biblioteca de la Universidad de Oñati
Resto del título = Oñatiko Unibertsitateko Liburutegiko XVI. mendeko inpreso eta inkunableen katalogoa /
Mención de responsabilidad, etc. Gerardo Luzuriaga Sánchez.
260 ## - PUBLICACIÓN, DISTRIBUCIÓN, ETC.
Lugar de publicación, distribución, etc. [San Sebastián] :
Nombre del editor, distribuidor, etc. Diputación Foral de Guipúzcoa, Departamento de Cultura, Educación, Deportes y Turismo,
Fecha de publicación, distribución, etc. 1991.
300 ## - DESCRIPCIÓN FÍSICA
Extensión 268 p. :
Otras características físicas il. ;
Dimensiones 24 cm.
500 ## - NOTA GENERAL
Nota general Introducción en vasco y castellano.
504 ## - NOTA DE BIBLIOGRAFÍA, ETC.
Nota de bibliografía, etc. Bibliografía: p. 41.
650 14 - PUNTO DE ACCESO ADICIONAL DE MATERIA--TÉRMINO DE MATERIA
Término de materia o nombre geográfico como elemento de entrada Incunables-
Subdivisión geográfica Universidad de Oñate. Biblioteca-
Subdivisión de forma Catálogos.
9 (RLIN) 13661
650 14 - PUNTO DE ACCESO ADICIONAL DE MATERIA--TÉRMINO DE MATERIA
Término de materia o nombre geográfico como elemento de entrada Libros antiguos-
Subdivisión cronológica S.XVI-
Subdivisión geográfica Universidad de Oñate. Biblioteca-
Subdivisión de forma Catálogos.
9 (RLIN) 169744
852 ## - LOCALIZACIÓN
Ubicación ES-MaACL
Número de control de estantería L-21477
Holdings
Estatus retirado Estado de pérdida Estado de daño No para préstamo Biblioteca de origen Biblioteca actual Ubicación en estantería Fecha de adquisición Fuente de adquisición Total de préstamos Signatura topográfica completa Código de barras Visto por última vez Precio de reemplazo Tipo de ítem Koha
        Biblioteca del Ateneo de Madrid Biblioteca del Ateneo de Madrid Depósito 2 17/01/2008     L-21477 1014442 23/02/2023 23/02/2023 Libro impreso